000 00797cab a2200253 4500
001 WB3146-08
008 090401t1995 xxu||||| |||| 00| 0 eng d
035 _a(Sirsi) u45665
041 _aeng
245 _aBAA plans £4.4bn airports upgrade
260 _c1995
350 _a0
490 _aTimes
_v2 December 1995, 25(1)
520 _aThe British Airports Authority (BAA) has announced plans to spend £4.4bn over the next decade improving facilities at Heathrow, Gatwick and Stansted including the planned fifth terminal at Heathrow.
650 _aAIRPORTS
650 _aBAA
650 _aFIFTH TERMINAL
650 _aGATWICK AIRPORT
650 _aHEATHROW AIRPORT
650 _aSTANSTED AIRPORT
690 _aPROPERTY-COMMERCIAL PROPERTY
942 _n0
948 _c04/03/1997
999 _c28908
_d28908